| Tag |
First Indicator |
Second Indicator |
Subfields |
| LEADER |
00000cam a2200000 a 4500 |
| 001 |
in00000964591 |
| 005 |
20150927073615.0 |
| 007 |
hd afv|||baca |
| 008 |
850916s1688 miu a 00010 eng d |
| 035 |
|
|
|a (OCoLC)12561501
|
| 035 |
|
|
|9 AEV3355AM
|
| 037 |
|
|
|a CL0037000030
|b UMI
|
| 037 |
|
|
|b University Microfilms International, 300 N. Zeeb Rd., Ann Arbor, MI 48106
|
| 040 |
|
|
|a EAA
|c EAA
|d m/c
|d UtOrBLW
|
| 049 |
|
|
|a TXAI
|
| 099 |
|
|
|a film
|a B
|a 3609
|
| 100 |
0 |
|
|a William
|b III,
|c King of England,
|d 1650-1702.
|
| 245 |
1 |
2 |
|a A declaration, whereas we are informed, that divers regiments, troops and companies have been encouraged to disperse themselves.
|
| 264 |
|
3 |
|a In the Savoy [London] :
|b Printed by Edward Jones,
|c 1688.
|
| 300 |
|
|
|a 1 sheet (1 unnumbered page)
|
| 336 |
|
|
|a text
|b txt
|2 rdacontent
|
| 337 |
|
|
|a microform
|b h
|2 rdamedia
|
| 338 |
|
|
|a microfilm reel
|b hd
|2 rdacarrier
|
| 500 |
|
|
|a Reproduction of original in Huntington Library.
|
| 500 |
|
|
|a Broadside.
|
| 500 |
|
|
|a Title taken from first few lines of text.
|
| 500 |
|
|
|a Signed: Prince of Orange.
|
| 500 |
|
|
|a At head of title: By the Prince of Orange.
|
| 500 |
|
|
|a At end of text: Given at our court at Henly, the 13th day of December 1688.
|
| 510 |
4 |
|
|a Wing
|c W2322
|
| 533 |
|
|
|a Microfilm.
|b Ann Arbor, Mich. :
|c University Microfilms International,
|d 1979.
|e 1 microfilm reel ; 35 mm.
|f (Early English books, 1641-1700 ; 950:54)
|
| 500 |
|
|
|a Microform.
|
| 655 |
|
7 |
|a Broadsides.
|2 rbgenr
|
| 710 |
1 |
|
|a England and Wales.
|b Sovereign (1689-1694 : William and Mary)
|
| 830 |
|
0 |
|a Early English books, 1641-1700 ;
|v 950:54.
|
| 999 |
|
|
|a MARS
|
| 999 |
f |
f |
|s 83fb2a5f-5ee6-3de4-a368-83ddc2dd85b5
|i 43d3a295-c882-3a3a-b6ff-563c447e72e1
|t 0
|
| 952 |
f |
f |
|p default
|a Texas A&M University
|b College Station
|c Sterling C. Evans Library
|d Evans: Microforms (3rd floor)
|t 0
|e film B 3609 950:54
|h Other scheme
|i microform -- microfilm reel
|
| 998 |
f |
f |
|a film B 3609 950:54
|t 0
|l Evans: Microforms (3rd floor)
|